|
|
|
|
| LEADER |
00689nam a22002052a 4500 |
| 001 |
001905602 |
| 003 |
CZ BrMZK |
| 005 |
20240822125850.0 |
| 007 |
ta |
| 008 |
240822s1946 xo er|||||||||||slo d |
| 040 |
|
|
|a ABA001
|b cze
|c ABA001
|d ABA001
|d BOA001
|
| 100 |
1 |
|
|a Koštial, Rudolf,
|d 1913-1991
|7 ola2002151523
|4 aut
|
| 245 |
1 |
0 |
|a Kresťanstvo a sociálna otázka /
|c Rudolf Koštial
|
| 250 |
|
|
|a Vydanie prvé
|
| 260 |
|
|
|a V Liptovskom Sv. Mikuláši :
|b Tranoscius,
|c 1946
|e (v Košiciach :
|f Wiko)
|
| 300 |
|
|
|a 85-[II] s. ;
|c 8°
|
| 910 |
|
|
|a BOA001
|b 2-0191.417
|
| 990 |
|
|
|a BK
|
| 991 |
|
|
|b 202408
|
| 996 |
7 |
|
|b 2618778421
|c 2-0191.417
|l MZK
|r Sklad / do 24 hodin
|n 0
|w 001974543
|u 000010
|a 1
|e BOA001
|j MZK50
|s A
|